Atatürk Araştırma Merkezi dergisi (Record no. 11460)

MARC details
000 -BAŞLIK
Sabit Uzunlukta Kontrol Alanı 01742na a2200373 4500
001 - KONTROL NUMARASI
Denetim Alanı 22167
003 - KONTROL NUMARASI IDENTIFIER
Denetim Alanı MIRAKIL
005 - SON İŞLEM TARİHİ VE ZAMANI
Denetim Alanı 20181226092845.0
008 - SABİT-BOY VERİ ELEMANLARI - GENEL BİLGİLER
Sabit Uzunlukta Kontrol Alanı 170211b tu n0 0 0
022 ## - ULUSLARARASI STANDART SERİ NUMARASI
Uluslararası Standart Süreli Yayın Numarası 1011-727X
035 ## - SİSTEM KONTROL NUMARASI
Sistem Kontrol Numarası 20919
040 ## - KATALOGLAMA KAYNAK
Orijinal Kataloglama Ajansı Milas
Kataloglama Dili tur
Metne Dönüştürmek Ajansı TR-AnCHP
041 ## - DİL KODU
Metin / Ses Parça Veya Ayrı Başlığın Dil Kodu tur
090 ## - SINIFLAMA NUMARASI
Sınıflama Numarası 050 DER 106
222 ## - ANAHTAR ADI
Anahtar Başlık Atatürk Araştırma Merkezi dergisi
245 ## - BAŞLIK TABLOSU
Başlık Atatürk Araştırma Merkezi dergisi
Sorumluluk Tablosu, Vb [yayınlayan] T.C. Atatürk Kültür, Dil ve Tarih Yüksek Kurumu Atatürk Araştırma Merkezi
246 ## - UNVAN FORM VARYING
Başlık Doğru / Kısa Başlığı Journal of Atatürk Research Center
260 ## - YAYIN, DAĞITIM, VB
Yayın, Dağıtım, Vb Yeri Ankara
Yayıncı, Dağıtıcı, Vs Adı Atatürk Araştırma Merkezi
Yayın, Dağıtım, Vb Tarihi 1984-
300 ## - FİZİKSEL TANIM
Kapsam c.
Boyutlar 24 sm.
362 ## - YAYIN VE / VEYA SIRALI GÖREVLENDİRİLMESİNE TARİHLERİ
Yayın Ve / Veya Ardışık Kullanım Amacı Tarihleri cilt 1, sayı 1 (Kasım 1984)-
500 ## - GENEL NOT
Genel Not Mevcut sayılar: c. 1, s.1, Kasım 1984; c. 1, s. 2, Mart 1985; c. 1, s. 3, Temmuz 1985; c. 2, s. 4, Kasım 1985; c. 2, s. 5, Mart 1986; c. 2, s. 6, Temmuz 1986; c. 3, s. 7, Kasım 1986; c. 3, s. 8, Mart 1987; c. 4, s. 11, Mart 1988; c. 4, s. 12, July 1988; c. 5, s. 13, Kasım 1988; c. 5, s. 14, Mart 1989; c. 5, s. 15, Temmuz 1989; c. 10, s. 28, Mart 1994
510 ## - REFERANS / REFERANSLAR NOT
Kaynağın Adı Bazı sayılar özel başlıklar içermektedir
530 ## - EK FİZİKSEL FORMU MEVCUT NOT
Ek Fiziksel Formu Mevcut Notu Online olarak erişilebilir. (http://www.atam.gov.tr/atam-dergisi)
546 ## - DİL NOTU
Dil Notu Türkçe ve İngilizce
600 ## - KONU KATMA GİRİŞ - KURUMSAL ADI
Kişisel Ad Atatürk, Mustafa Kemal
Başlıklar Ve Bir Adla İlişkili Diğer Kelimeler Gazi
Bir Adıyla İlişkilendirilen Tarihler 1881-1938
Form Alt Bölümü Süreli yayınlar
650 ## - KONU KATMA GİRİŞ - TOPİKAL DÖNEM
Topikal Süreli Veya Coğrafi Ad Giriş Elemanı Atatürkçülük
Form Alt Bölümü Süreli yayınlar
Coğrafi Alt Bölümü Türkiye
651 ## - KONU KATMA GİRİŞ - COĞRAFİ ADI
Coğrafi İsim Türkiye
Form Alt Bölümü Süreli yayınlar
Genel Alt Bölümü Siyasal tarih
Kronolojik Alt Bölümü 1909-
710 ## - KATMA GİRİŞ - KURUMSAL ADI
Giriş Elemanı Olarak Kurumsal Ad Veya Yargı Alanı Adı Atatürk Kültür, Dil ve Tarih Yüksek Kurumu
Bir Çalışmanın Adı Atatürk Araştırma Merkezi dergisi
910 ## - KULLANICI SEÇENEK, VERİLERİN (OCLC)
Kullanıcı Seçenek Veri DERGİ 106
942 ## - EKLENDİ GİRİŞ ELEMANLARI (KOHA)
Sınıflandırma Veya Raf Düzeni Kaynak Dewey Decimal Classification
Koha Öğesi Türü Serials
999 ## - SİSTEM KONTROL NUMARALARI (KOHA)
Koha Biblionumber 11460
Koha Biblioitemnumber 11460
310 ## - MEVCUT YAYIN FREKANSI
Güncel Yayın Frekansı yılda üç kez
655 ## - INDEX DÖNEM - TÜR / FORMU
-- Dergi
Holdings
Kullanım Kısıtlamaları Kalıcı Konum Mevcut Konum Edinme Tarihi Kodlu Konum Eleme Toplam Check-Out'Lar Tam Çağrı Numarası Barkod Tarih Son Görülme İtibaren Geçerli Fiyatlar Sigara Kamu Notu Koha Öğesi Türü
Kütüphane dışına çıkarılamaz CHP Kütüphanesi CHP Kütüphanesi 02/11/2017 SÜRELİ YAYINLAR   050 DER 93 D106 02/11/2017 02/11/2017 Serials